|
|
|
|
| LEADER |
00000naa2a2200000 4500 |
| 001 |
81230 |
| 005 |
20240116101319.0 |
| 035 |
|
|
|a (RuTPU)RU\TPU\book\87329
|
| 090 |
|
|
|a 81230
|
| 100 |
|
|
|a 20050919d2001 k y0rusy50 ca
|
| 101 |
0 |
|
|a rus
|
| 102 |
|
|
|a RU
|
| 200 |
1 |
|
|a Семантика и система персонажей в "английских" повестях Е. И. Замятина
|
| 320 |
|
|
|a Библиогр.: 2 назв.
|
| 463 |
|
0 |
|0 (RuTPU)RU\TPU\book\48314
|t Язык в поликультурном пространстве: теоретические и прикладные аспекты
|o Материалы I Международной научно-практической конференции "Преподавание иностранных языков в поликультурном образовательном пространстве", 28-29 мая 2001 г. Томск
|f Томский политехнический университет. Институт языковой коммуникации
|v С. 135-138.
|d 2001
|p 275 с.
|
| 600 |
|
1 |
|a Замятин
|b Е. И.
|c русский писатель
|c с 1932 в эмиграции
|f 1884-1937
|g Евгений Иванович
|2 stltpush
|3 (RuTPU)RU\TPU\pers\11383
|9 2598
|
| 610 |
1 |
|
|a имена
|
| 610 |
1 |
|
|a семантика
|
| 610 |
1 |
|
|a повести
|
| 610 |
1 |
|
|a труды учёных ТПУ
|
| 700 |
|
1 |
|a Воробьёва
|b Л. В.
|c лингвист
|c доцент Томского политехнического университета, кандидат филологических наук
|f 1979-
|g Людмила Владимировна
|3 (RuTPU)RU\TPU\pers\26956
|9 12566
|
| 801 |
|
1 |
|a RU
|b 63413507
|c 20050919
|g PSBO
|
| 801 |
|
2 |
|a RU
|b 63413507
|c 20150312
|g RCR
|
| 942 |
|
|
|c BK
|